书目信息 |
| 题名: |
泰国近代史纲
|
|
| 作者: | 尼·瓦·烈勃里科娃 著 ;王易今 , 裘辉 , 康春林 译 | |
| 分册: | 上册 | |
| 出版信息: | 北京 商务印书馆 1974.10 |
|
| 页数: | 211页 | |
| 开本: | 20cm | |
| 丛书名: | ||
| 单 册: | ||
| 中图分类: | K336.4 | |
| 科图分类: | ||
| 主题词: | 东南亚--历史 | |
| 电子资源: | ||
| ISBN: | ||
| 000 | 00791nam0 2200265 45 | |
| 001 | 0212201021 | |
| 005 | 20031219104102.4 | |
| 010 | @dCNY1.40 | |
| 091 | @a1974.10 | |
| 100 | @a20021220d1974 km y0chiy0120 ea | |
| 101 | 0 | @achi |
| 105 | @a z 000yy | |
| 200 | 1 | @a泰国近代史纲@ATai Guo Jin Dai Shi Gang@e1768-1917@h上册@f(苏)尼·瓦·烈勃里科娃著@F(Su)Ni·Wa·Lie Bo Li Ke Wa Zhu@g王易今,裘辉,康春林译 |
| 210 | @a北京@c商务印书馆@d1974.10 | |
| 215 | @a211页@d20cm | |
| 300 | @a内部参考读物 | |
| 517 | @a1768-1917 | |
| 606 | 0 | @a东南亚@x历史 |
| 690 | @aK336.4@v3 | |
| 701 | 0 | @a尼·瓦·烈勃里科娃@4著 |
| 702 | 0 | @a王易今@AWang Yi Jin@4译 |
| 702 | 0 | @a裘辉@AQiu Hui@4译 |
| 702 | 0 | @a康春林@AKang Chun Lin@4译 |
| 801 | @aCN@bTSTC@c20021220 | |
| 905 | @f1@b219239@dK336.4@e3:1 | |
| 泰国近代史纲:1768-1917.上册/(苏)尼·瓦·烈勃里科娃著/王易今,裘辉,康春林译.-北京:商务印书馆,1974.10 |
| 211页;20cm |
| 内部参考读物 |
| ISBN :CNY1.40 |
| ● |
| 相关链接 |
|
|
|
|
正题名:泰国近代史纲
索取号:K336.4/3:1
 
预约/预借
| 序号 | 登录号 | 条形码 | 馆藏地/架位号 | 状态 | 备注 |
| 1 | 0219239 | 001739177 | 第二样本阅览室/ [索取号:K336.4/3:1] | 在馆 |